00698cam a2200241 4500001001300000003000400013005001700017008004100034010002200075025001900097043001200116050001700128082001000145100001800155245009100173260004200264300003500306350000900341504004000350650002100390650002800411999001700439sa 68004629 DLC20260227112502.0680310s1967 ii b 00010 eng  asa 68004629 //r84 aPL480:I-E-9139 aa-ii---0 aHD7091b.H17 a368.410aHallen, G. C.10aDynamics of social security,cby G. C. Hallen. With a foreword by Radhakemal Mukerjee.0 aMeerut,bRastogi Publicationsc[1967] a1 v. (various pagings)c23 cm. aRs20 aBibliography: p. [i]-vi (6th group) 0aSocial security. 0aSocial securityzIndia. c80240d80240